Effective Business Communication (Record no. 12153)
[ view plain ]
| 000 -LEADER | |
|---|---|
| fixed length control field | 00395nam a22001697a 4500 |
| 003 - CONTROL NUMBER IDENTIFIER | |
| control field | OSt |
| 008 - FIXED-LENGTH DATA ELEMENTS--GENERAL INFORMATION | |
| fixed length control field | 240102b |||||||| |||| 00| 0 eng d |
| 020 ## - INTERNATIONAL STANDARD BOOK NUMBER | |
| International Standard Book Number | 9789389811940 |
| 082 ## - DEWEY DECIMAL CLASSIFICATION NUMBER | |
| Classification number | 658.45 |
| Item number | JAE |
| 100 ## - MAIN ENTRY--PERSONAL NAME | |
| Personal name | JAIN,Neera |
| 245 ## - TITLE STATEMENT | |
| Title | Effective Business Communication |
| 250 ## - EDITION STATEMENT | |
| Edition statement | 2nd Ed |
| 260 ## - PUBLICATION, DISTRIBUTION, ETC. (IMPRINT) | |
| Place of publication, distribution, etc | New Delhi |
| Name of publisher, distributor, etc | TMH |
| Date of publication, distribution, etc | 2020 |
| 300 ## - PHYSICAL DESCRIPTION | |
| Extent | 442 |
| 700 ## - ADDED ENTRY--PERSONAL NAME | |
| Personal name | MUKHERJI,Shoma |
| 942 ## - ADDED ENTRY ELEMENTS (KOHA) | |
| Source of classification or shelving scheme | Dewey Decimal Classification |
| Koha item type | Text Books |
| Withdrawn status | Lost status | Source of classification or shelving scheme | Damaged status | Not for loan | Collection code | Home library | Current library | Date acquired | Source of acquisition | Currency | Cost, normal purchase price | Bill Number | Total Checkouts | Full call number | Acc. no. / Barcode | Date last seen | Actual Cost, discounted price | Bill Date | Koha item type | Date last borrowed |
|---|---|---|---|---|---|---|---|---|---|---|---|---|---|---|---|---|---|---|---|---|
| Dewey Decimal Classification | BBA | PIET C-LIBRARY | PIET C-LIBRARY | 20/12/2023 | Zafaa Books and Distributors | In rupees | 890.00 | ZBD0291 | 658.45 JAE | 35226 | 02/01/2024 | 605.20 | 20/12/2023 | Reference Books | ||||||
| Dewey Decimal Classification | BBA | PIET C-LIBRARY | PIET C-LIBRARY | 20/12/2023 | Zafaa Books and Distributors | In rupees | 890.00 | ZBD0291 | 1 | 658.45 JAE | 35227 | 07/06/2024 | 605.20 | 20/12/2023 | Text Books | 16/05/2024 | ||||
| Dewey Decimal Classification | BBA | PIET C-LIBRARY | PIET C-LIBRARY | 20/12/2023 | Zafaa Books and Distributors | In rupees | 890.00 | ZBD0291 | 658.45 JAE | 35228 | 02/01/2024 | 605.20 | 20/12/2023 | Text Books | ||||||
| Dewey Decimal Classification | BBA | PIET C-LIBRARY | PIET C-LIBRARY | 20/12/2023 | Zafaa Books and Distributors | In rupees | 890.00 | ZBD0291 | 658.45 JAE | 35229 | 02/01/2024 | 605.20 | 20/12/2023 | Text Books | ||||||
| Dewey Decimal Classification | BBA | PIET C-LIBRARY | PIET C-LIBRARY | 20/12/2023 | Zafaa Books and Distributors | In rupees | 890.00 | ZBD0291 | 658.45 JAE | 35230 | 02/01/2024 | 605.20 | 20/12/2023 | Text Books |